000 00560nam a2200205Ia 4500
005 20250508152610.0
008 008 250505s9999 xx 000 0 eng d
037 _aTextual
040 _aFEDL
_beng
_cFEDL
041 _aeng
_2eng
084 _a500, DAN
_qFEDL
100 _aDaniel F
245 0 _aGeneral science: For tropical schools, Book 3
250 _a2
260 _aLondon, UK
_bOxford University Press
_c1955
300 _axii,177p
546 _aBook 3 A health science
942 _cTEXL
_h500, DAN
999 _c1337510
_d1337510